| 000 | 01161nam0a2200325 4500 | ||
|---|---|---|---|
| 001 | RU\NLR\bibl\90456 | ||
| 005 | 20250617075308.0 | ||
| 010 |
_a5-8318-0015-6 _95000 |
||
| 021 |
_aRU _b2000-3922 _9194 |
||
| 035 | _a(NLR Aleph) 000088391 | ||
| 090 |
_a494980 _c494980 |
||
| 100 | _a20000606d1999 |||y0rusy50 ca | ||
| 101 | 1 |
_arus _ceng |
|
| 102 | _aRU | ||
| 105 | _ay ||||||||| | ||
| 200 | 1 |
_aКолдовство в церкви: выявление и распознавание _fРик Годвин _g[Пер. В. Альховик] |
|
| 210 |
_aСПб. _cНовое и Старое _d1999 |
||
| 215 |
_a190 с. _d21 |
||
| 300 | _aЗагл. и авт. ориг.: Exposing withcraft in the church / By Rick Godwin | ||
| 320 | _aБиблиогр.: с. 189 | ||
| 454 | 0 |
_12001#$aExposing withcraft in the church$fBy Rick Godwin _tExposing withcraft in the church |
|
| 606 | 0 |
_aКолдовство _91265374 _3RU\NLR\auth\66202430 |
|
| 686 | _aЭ240.03 | ||
| 700 | 1 |
_aГодвин _bР. _gРик _4070 |
|
| 801 | 0 |
_aRU _bNLR _c20000606 _gPSBO |
|
| 801 | 1 |
_aRU _bNLR _c20000606 |
|
| 852 |
_aNLR _j2000-3/4675 |
||
| 942 | _cBOOK | ||
| 980 | _aNB | ||